| 000 | 00336nam a22001337a 4500 | ||
|---|---|---|---|
| 008 | 170508b xxu||||| |||| 00| 0 eng d | ||
| 020 | _a9780534522957 | ||
| 041 | _aeng | ||
| 080 | _a343.9 | ||
| 100 | _a15 | ||
| 101 | _aSHJ | ||
| 245 |
_aKEY CASES, COMMENTS AND QUESTIONS ON SUBSTANTIVE CRIMINAL LAW _cFRADELLA, H.F |
||
| 942 |
_2udc _cBK |
||
| 999 |
_c12902 _d12902 |
||